Responses for Show #3135 - Friday, March 27, 1998

Tying nonwinners both received the announced 2nd-place prize, a trip to Mexico City and Ixtapa Zihuatanejo, rather than the announced 3rd-place prize, assorted CDs from Warner Brothers.

Contestants

[<< previous game]

Rokshana Thanadar, a graduate student from Suffolk, Virginia

Bradley Goodwill, an actor from New York City, New York

Michael Collin, a piano salesman from Barrington, Illinois (whose 1-day cash winnings total $19,600)

[next game >>]

Jeopardy! Round responses

PEOPLE & PLACES
MUSTY TV
CREEPERS & CRAWLERS
RYDELL HIGH ALUMNI
(Alex: That's our way of paying tribute to the motion picture Grease which is being re-released by Paramount Pictures, I believe, today. However, [*], not necessarily about the film. Could be about the musical.)
UNSOLVED MYSTERIES
"C.C." SENOR
    $100 16
the Canary Islands

Michael
    $100 14
Bewitched

Bradley
    $100 24
a caterpillar

Bradley
    $100 3
Richard Gere

Bradley
    $100 11
a bigfoot

Bradley
    $100 1
Cape Canaveral

Michael
    $200 17
Iraq

Bradley
    $200 15
The Munsters

Michael
    $200 27
its tail

Michael
    $200 4
(Alex: Yes, "Hopelessly In Love"--"Hopelessly Devoted To You".)

Olivia Newton-John

Bradley
    $200 12
the Bermuda Triangle

Bradley
    $200 2
Cassius Clay

Bradley
    $300 18
Minnesota

Bradley
    $300 21
Ironside

Michael
    $300 28
a black widow

Bradley
    $300 5
Patrick Swayze

Bradley
    $300 13
the Loch Ness Monster

Rokshana
    $300 8
a card catalogue

Michael
    $400 19
Gypsies

Bradley
    $400 22
Rin Tin TIn

Rokshana
    $400 29
rattlesnakes

Bradley
    $800 6
Tracey Ullman

Bradley
    $400 25
Woodhenge

Triple Stumper
    $400 9
the Chicago Cubs

Bradley
    $500 20
Connecticut

Bradley
    $500 23
Fish

Rokshana
    $500 30
a komodo dragon

Rokshana
    $500 7
[Applause for Bradley's run of the category]

Adrienne Barbeau

Bradley
    $500 26
Fatima

Michael
    $500 10
Cesar Chavez

Bradley

Scores at the first commercial break (after clue 13):

Michael Bradley Rokshana
$400 $3,300 $300

Scores at the end of the Jeopardy! Round:

Michael Bradley Rokshana
$1,700 $5,600 $1,700

Double Jeopardy! Round responses

LAZYBONES
YOU GO, GIRL!
FAMILIAR QUOTATIONS... IN 1800
EUROPEAN PAINTERS
WINNIE
THE POOH
    $200 16
a loafer

Bradley
    $200 1
the first woman in space

Bradley
    $200 6
Gulliver's Travels

Michael
    $200 11
Toulouse-Lautrec

Michael
    $200 24
(Michael: What is Parliament?)
(Alex: Be more specific.)

the (British) House of Commons

Michael
    $200 21
Eeyore

Rokshana
    $400 17
ants

Michael
    $400 2
The Canterbury Tales

Bradley
    $400 7
invent him

Bradley
    $400 12
Monet

Bradley
    $400 25
the RAF

Michael
    $400 22
the Hundred Acre Wood

Rokshana
    $600 18
idle hands

Bradley
    $2,000 3
Emily Dickinson

Bradley
    $600 8
Samuel Johnson

Michael
    $600 13
Botticelli

Bradley
    $600 26
the United States

Bradley
    $600 23
illustrator

Michael
    $800 19
Rossini

Bradley
    $800 4
(Michael: Who is Amelia Earhart?)

Nellie Bly

Michael
Triple Stumper
    $800 9
(Carolus) Linnaeus

Triple Stumper
    $800 14
(Edvard) Munch

Michael
    $2,200 27
(Bradley: What is "this was our finest hour"?)

"this was their finest hour"

Bradley
    $1000 20
the Do-Nothing Congress

Bradley
    $1000 5
As I Lay Dying

Michael
    $1000 10
(Michael: What are trivial pursuits?)

trivial things

MichaelBradley
    $1000 15
Goya

Bradley
    $1000 28
(Michael: What is... [throws up hands] Windsor?)
(Alex: Ha-ha! No.)
...
[The end-of-round signal sounds.]

Marlborough

MichaelRokshana

Scores at the end of the Double Jeopardy! Round:

Michael Bradley Rokshana
$3,300 $12,600 $3,300
(lock game)

[wagering suggestions for these scores]

Final Jeopardy! Round responses

FAMOUS STRUCTURES
(Alex: Think of a tall foreign structure. Not Anita Ekberg.)
[Michael's response was revealed first.]
MichaelWhat is the Eiffel Tower?
$3,300
RokshanaWhat is the Eifel Tower?
$3,300
BradleyWhat is the Eiffel Tower?
$2,400
the Eiffel Tower

Final scores:

Michael Bradley Rokshana
$6,600 $15,000 $6,600
2nd place: a trip to Mexico City & Ixtapa Zihuatanejo New champion: $15,000 3rd place: a trip to Mexico City & Ixtapa Zihuatanejo

Game dynamics:

Coryat scores:

Michael Bradley Rokshana
$3,300 $13,000 $3,300
16 R,
3 W
31 R
(including 2 DDs),
1 W
(including 1 DD)
7 R,
0 W

Combined Coryat: $19,600

[game clues] [game scores] [suggest correction]

Game tape date: Unknown
The J! Archive is created by fans, for fans. Scraping, republication, monetization, and malicious use prohibited; this site may use cookies and collect identifying information. See terms. The Jeopardy! game show and all elements thereof, including but not limited to copyright and trademark thereto, are the property of Jeopardy Productions, Inc. and are protected under law. This website is not affiliated with, sponsored by, or operated by Jeopardy Productions, Inc. Join the discussion at JBoard.tv.